logo

Bir Sreshtho Munshi Abdur Rouf Library
Jhenaidah Cadet College

Japan / (Record no. 9675)

MARC details
000 -LEADER
fixed length control field 00809nam a2200289 a 4500
001 - CONTROL NUMBER
JCCL Control Number 9675
003 - CONTROL NUMBER IDENTIFIER
JCCL marc code BD - JhCC
005 - DATE AND TIME OF LATEST TRANSACTION
control field 20180325192554.0
008 - FIXED-LENGTH DATA ELEMENTS--GENERAL INFORMATION
fixed length control field 180321s1968 nyuab 001 0 eng d
020 ## - INTERNATIONAL STANDARD BOOK NUMBER
International Standard Book Number 0691054592
020 ## - INTERNATIONAL STANDARD BOOK NUMBER
International Standard Book Number 0691102457 (pbk)
035 ## - SYSTEM CONTROL NUMBER
system control number (BD-JhCC)9675
040 ## - CATALOGING SOURCE
Original cataloging agency BD-JhCC
Modifying agency BD-JhCC
041 ## - LANGUAGE CODE
Language code of Book eng
050 #0 - LIBRARY OF CONGRESS CALL NUMBER
Classification number HN723
082 ## - DEWEY DECIMAL CLASSIFICATION NUMBER
Classification number 952/.025
DDC Edition number 19
Author mark and Year SEI 1968
100 ## - MAIN ENTRY--PERSONAL NAME
Personal name Seidensticker Edward
245 00 - TITLE STATEMENT
Title Japan /
Statement of responsibility, etc edited by Edward Seidensticker
260 ## - PUBLICATION, DISTRIBUTION, ETC. (IMPRINT)
Place of publication, distribution, etc Princeton :
Name of publisher, distributor, etc Princeton University Press,
Date of publication, distribution, etc c1968.
300 ## - PHYSICAL DESCRIPTION
Pagination 160 p. :
Other physical details ill., maps ;
Dimensions 25 cm
504 ## - BIBLIOGRAPHY, ETC. NOTE
Bibliography, etc Includes index and bibliographical footnotes
651 #0 - SUBJECT ADDED ENTRY--GEOGRAPHIC NAME
Geographic name Japan
General subdivision Social conditions
Chronological subdivision 1868-1912
700 1# - ADDED ENTRY--PERSONAL NAME
Personal name Jansen, Marius B.
700 1# - ADDED ENTRY--PERSONAL NAME
Personal name Rozman, Gilbert.
942 ## - ADDED ENTRY ELEMENTS (KOHA)
Source of classification or shelving scheme Dewey Decimal Classification
Koha item type Books
Holdings
Source of classification or shelving scheme Damaged status Not for loan Home library Current library Shelving location Total Checkouts Full call number Barcode Date last seen Copy number Koha item type
Dewey Decimal Classification     JCC Rouf Library JCC Rouf Library General Stacks   952/.025 SEI 1968 12845 03/21/2018 C - 1 Books

JCC Library | Contacts | JCC Home

Last Update on 23 September 2017
Copyright @ 2017-2020 JCC Rouf Library
Rouf Library, Jhenidah Cadet College (JCC), Bangladesh